| 000 | 01253nam a2200253Ia 4500 | ||
|---|---|---|---|
| 003 | Ost | ||
| 005 | 20260507075656.0 | ||
| 008 | 260507s9999||||xx |||||||||||||| ||und|| | ||
| 040 | _cfsecg | ||
| 041 | _aara | ||
| 082 | _a346.072 | ||
| 100 |
_aزيدان، زكي زكي حسين _eمؤلف |
||
| 245 | 0 |
_aالبيع بالمزاد العلني : _bفي الفقه الإسلامي والقانوني الوضعي / _c زكي زكي حسين زيدان |
|
| 260 |
_aالاسكندرية: _bدار الفكر الجامعي, _c2004 |
||
| 300 |
_a217 صفحة؛ _bإيضاحات ؛ _c24 سم |
||
| 504 | _aالمراجع ص.205 | ||
| 520 | _aالبيع ومشروعيته والحكم الشرعي له، بيع المزاد ومشروعيته والألفاظ التي تطلق عليه، أقسام البيع بالمزايدة وأهم صوره، مقومات عقد البيع بالمزاد، المخالفات والشروط التي تقع في البيع بالمزاد وأثرها على العقد. | ||
| 653 | _aأدارة المبيعات | ||
| 653 | _aالفقه الإسلامي | ||
| 653 | _aالقانون التجاري | ||
| 653 | _aالقانون الوضعي | ||
| 653 | _aالمزاد العلني | ||
| 942 | _cكتاب | ||
| 999 |
_c45705 _d45705 |
||